000
00271nam a22001217a 4500
003
SGT
082
_a
157.9
_b
C12T
100
_a
THOMAS. MIKE
245
_a
COGNITIVE BEHAVIOR THERAPY CASE STUDIES
260
_a
ANGELES
_b
SAGE
_c
2012
300
_a
252
942
_2
ddc
_c
BK
_0
3
999
_c
15041
_d
15041